000 00729nam a2200193Ia 4500
005 20250508154459.0
008 008 250505s9999 xx 000 0 eng d
037 _aTextual
040 _aFEDL
_beng
_cFEDL
041 _aeng
_2eng
084 _a504, ALI
_qFEDL
245 0 _aScience: Its method and outlook: A selection from the writings of bacon, descartes, wells, bronowski, bernal and Russell
245 0 _cDirectorate of Genreal Education Reading Material Project Aligarh Muslim University
260 _aBombay, India
_bAsia Publishing House
_c1963
300 _avii,85p.
490 _aAligarh Muslim University General education reading material
942 _cTEXL
_h504, ALI
999 _c1350509
_d1350509